Statistics for Lyrics to Story Of My Life by One Direction

Click here to take the quiz!

General Stats

  • This quiz has been taken 5,697 times
    (5,048 since last reset)
  • The average score is 22 of 26

Answer Stats

HintAnswer% Correct
The story of my life I take her ____home
96%
Written on these walls are the _______ that I can't explainstories
95%
I drive all night to keep her ____ and time is frozenwarm
95%
Leave my heart open but it stays right here _____ for daysempty
93%
The way that I been holdin' on too tight with ________ in betweennothing
92%
The story of my life I give her ____hope
91%
I spend her ____ until she's broke inside, the story of my lifelove
91%
The _____ of my life I take her homestory
90%
It seems to me that when I die these words will be written on my _____stone
89%
And I'll be gone gone tonight, the ground _______ my feet is open widebeneath
88%
The story of my life I ____ her hometake
88%
I drive all _____ to keep her warm and time is frozennight
87%
The story of my ____ I give her hopelife
86%
She told me in the morning she don't feel the same about us in her _____bones
86%
I _____ all night to keep her warm and time is frozendrive
86%
The story of my life I ____ her hopegive
86%
The way that I been holdin' on so ______ with nothing in betweentight
85%
I _____ her love until she's broke inside, the story of my lifespend
84%
But baby running after you is like _______ the cloudschasing
83%
I spend her love _____ she's broke inside, the story of my life...until
83%
And I been waiting for this ____ to come aroundtime
82%
Leave my heart open but it stays right here in its ____cage
81%
And I'll be gone gone tonight, the fire beneath my feet is _______ brightburning
78%
Written on these walls are the ______ that I can't changecolors
71%
I know that in the morning I'll see us in the light upon the ___hill
55%
Although I am broken, my heart is _______ stilluntamed
53%

Score Distribution

Percentile by Number Answered

Percent of People with Each Score

Your Score History

You have not taken this quiz since the last reset